000 01401nam0a22002891 4500
001 rc\2795536
005 20250529172633.0
035 _a(NLR Aleph) 006921601
090 _a7452560
_c7452560
100 _a20110915d1935 |||y0rusy50 ca
101 0 _arus
102 _aRU
105 _aa z |||||
200 1 _aОпыт комплексных противоглистных мероприятий в ОТФ "Сталинский путь" Пролетарского района
_fПроф. В. И. Пухов, Е. Е. Кривошта, П. А. Величкин, А. А. Лысенко
_gАзово-Черноморск. краев. зем. упр. Краев. науч.-иссл. вет.-опыт. станция
210 _aРостов-на-Дону
_cАзово-Черноморск. краев. кн-во
_d1935
_gтип. им. Коминтерна
215 _aОбл., 43 с.
_cил.
_d22х16 см.
300 _aПеред загл.: проф. В. И. Пухов, Е. Е. Кривошита, П. А. Величкин и А. А. Лысенко
702 1 _aКривошта
_bЕ.Е.
_4570
702 1 _aВеличкин
_bП.А.
_4570
702 1 _aПухов
_bВ.И.
_gВладимир Иванович
_4570
702 1 _aЛысенко
_bА.А.
_4570
801 0 _aRU
_bNLR
_gpsbo
801 1 _aRU
_bELAR
_2rusmarc
852 _aNLR
_j35-11/722
942 _cBOOK
980 _aNB